000 00495nam a2200169 a 4500
001 000034263
005 20200930070921.0
008 110929s2006 use 000 0 spa d
020 _a2877308391
040 _aDO-SdBNP
_bspa
_cBNPHU
100 1 _aEiki, Matayoshi
_959683
240 1 0 _aJinkotsu Tenjikan
_lFrancés
245 1 0 _aHistoire D´un squelette /
_cMatayoshi Eiki.
260 _aJapan :
_bPhilippe picquier,
_c2006.
300 _a240 p. ;
_c20 cm.
500 _aTreducido del idioma japones
999 _c33754
_d33754